First International Tainan-Moscow Algebra Workshop : proceedings of the international conference held at National Cheng Kung University, Tainan, Taiwan, Republic of China, July 23-August 22, 1994 /
Guardado en:
| Autor Corporativo: | |
|---|---|
| Otros Autores: | , , |
| Formato: | Libro |
| Idioma: | English |
| Publicado: |
Berlin ; New York :
Walter de Gruyter,
1996.
|
| Materias: | |
| Etiquetas: |
Agregar Etiqueta
Sin Etiquetas, Sea el primero en etiquetar este registro!
|
| LEADER | 03266pam a2200253 a 4500 | ||
|---|---|---|---|
| 001 | MAT.inmabb003687 | ||
| 008 | 960830s1996####gw#a#####b####100#0#eng## | ||
| 005 | 20170530125526.0 | ||
| 245 | 1 | 0 | |a First International Tainan-Moscow Algebra Workshop : |b proceedings of the international conference held at National Cheng Kung University, Tainan, Taiwan, Republic of China, July 23-August 22, 1994 / |c executive editors: Y. Fong, U. Knauer, A. V. Mikhalev. |
| 260 | |a Berlin ; |a New York : |b Walter de Gruyter, |c 1996. | ||
| 300 | |a xi, 349 p. : |b il. ; |c 25 cm. | ||
| 504 | |a Incluye referencias bibliográficas. | ||
| 505 | 0 | |a Peter M. Higgins, Ramsey's theorem in algebraic semigroups -- Alexander A. Mikhalev, Combinatorial aspects of the theory of Lie superalgebras -- A. V. Mikhalev, Isomorphisms and anti-isomorphisms of endomorphism rings of modules -- V. A. Artamonov, Algorithmic solution of the quantum Serre conjecture -- K. I. Beidar, Y. Fongand W.-F. Ke, On the simplicity of centralizer nearrings -- K. I. Beidar, Y. Fong, U. Knauer, A. V. Mikhalev and K. P. Shum, Semigroups with generalized polynomial identities -- A. Belov and T. Gateva-Ivanova, Radicals of monomial algebras -- G. M. Brodskii, Lattice anti-isomorphisms of modules and the ${ rm AB}5*$ condition -- M. A. Chebotar, On certain subrings and ideals of prime rings -- Beifang Chen, The induced linear maps on Minkowski algebras of convex sets -- S.-J. Cheng, Superconformal algebras and affine algebras with extended symmetry -- M. I. Gekhtman and A. Stolin, Orbits of the coadjoint representation and Yang-Baxter equation -- A. V. Grishin, On the finite basis property of $T$-spaces over a field of finite characteristic -- Ngau Lam, On the conjecture of the resolution of a finite set of points in projective space -- V. N. Latyshev, Lie nilpotency: recognition and word problem -- Tsiu-Kwen Lee and Tsong-Cherng Lee, Annihilators of power values of a derivation -- V. T. Markov, Modules with Krull and Gabriel dimensions over rings and algebras with polynomial identities -- A. A. Mikhalev, U. U. Umirbaev and A. A. Zolotykh, A Lie algebra with cohomological dimension one over a field of prime characteristic is not necessarily free -- V. A. Mushrub, Extended centroid of Ore extensions and injective ring endomorphisms -- A. A. Nechaev, Polylinear recurring sequences over modules and quasi-Frobenius modules -- L. S. Shiao and C. S. Wang, On semi-endomorphism near-rings of non-abelian groups of order $pq$ -- Arkadii Slinko, Local structure of linearly compact algebras and local finiteness of coalgebras -- George Szeto and Yuen-Fat Wong, Azumaya algebras in skew group rings -- A. A. Tuganbaev, On distributive rings and modules -- Bo-Yin Yang and Yeong-Nan Yeh, Chains of motley gems--and their Wiener indices. | |
| 510 | 4 | |a MR, |c 97j:00024 | |
| 020 | |a 3110148641 | ||
| 111 | 2 | |a International Tainan-Moscow Algebra Workshop |n (1º : |d 1994 : |c National Cheng Kung University) | |
| 700 | 1 | |a Fong, Yuen. |4 edt | |
| 700 | 1 | |a Knauer, U., |d 1942- |4 edt | |
| 700 | 1 | |a Mikhalev, A. V. |q (Aleksandr Vasil´evich) |4 edt | |
| 650 | 0 | |a Algebra |x Congresses. | |
| 084 | |a 00B25 (16-06 17-06 20-06) |2 msc2000 | ||
| 010 | |a 96043293 | ||
| 040 | |a DLC |c DLC |d DLC | ||
| 859 | |h 00B25 |i In615-1 |p A-7401 |b BIB. MATEMATICA | ||
